Responses for Show #4776 - Monday, May 16, 2005

2005 Ultimate Tournament of Champions Round 3, game 6.

Contestants

[<< previous game]

Michael Daunt, an accountant from Oakville, Ontario, Canada

Dan Melia, a college professor from Berkeley, California

Jerome Vered, a writer from Los Angeles, California

[next game >>]

Jeopardy! Round responses

ISLANDS
OLIVE ME
BARRIERS
THE ULTI-"MATE"
TOURNAMENT
OF CHAMPIONS
    $200 1
Hilton Head

Michael
    $200 4
The Olive Garden

Dan
    $200 11
walls

Michael
    $200 13
to animate

Dan
    $200 21
joust

Dan
    $200 26
(Michael: Who is Yamaguchi?)

Michelle Kwan

DanMichael
    $400 2
Corsica

Jerome
    $400 5
acid

Dan
    $400 12
the fences

Dan
    $400 14
an inmate

Dan
    $400 22
1066

Dan
    $400 27
Jean-Claude Van Damme

Michael
    $600 3
the Philippines

Dan
    $600 6
monounsaturated fat

Jerome
    $600 16
the glass ceiling

Michael
    $600 15
Coffee-Mate

Michael
    $600 23
Camelot

Dan
    $600 28
Corbett

Dan
    $1,600 9
Tonga

Jerome
    $800 7
Kalamata olives

Jerome
    $800 17
the velvet rope

Jerome
    $800 19
approximate (estimate accepted)

Michael
    $800 24
a mêlée

Dan
    $800 29
Charles Goren

Michael
    $1000 10
Curaçao

Michael
    $1000 8
tapenade

Jerome
    $1000 18
a palisade

Dan
    $1000 20
monosodium glutamate

Jerome
    $1000 25
(Michael: What are bulls?)

rings

Michael
Triple Stumper
    $1000 30
(Alex: He was driving go-karts, not automobiles.)

Brazil

Michael

Scores at the first commercial break (after clue 16):

Jerome Dan Michael
$4,400 $2,200 $2,600

Scores at the end of the Jeopardy! Round:

Jerome Dan Michael
$6,200 $6,000 $4,400

Double Jeopardy! Round responses

THANK YOU, DR. PARÉ
CLASSIC SITCOM EPISODES
19th CENTURY AMERICA
ORLANDO BLOOMS
PEN NAMES
BEFORE & AFTER
    $400 6
oil

Dan
    $400 1
The Mary Tyler Moore Show

Michael
    $400 9
the Sioux

Michael
    $400 26
Italy

Dan
    $400 16
George Eliot

Dan
    $400 21
Sharon Stone of Scone

Jerome
    $800 7
a barber surgeon

Jerome
    $800 2
Sanford and Son

Jerome
    $800 10
Pikes Peak

Michael
    $800 27
the Citrus Bowl

Triple Stumper
    $800 17
Colette

Jerome
    $800 22
(Dan: What is "I've Got You Babe Didrikson"?)
(Alex: Yes!)
[The judges resound, "No."]
(Dan: Zaharias...?)
(Alex: No? No. Sorry, Sorry...)
...
(Alex: I think you said "I've Got You" and it's "I Got You Babe". I assume that's why the judges were ruling against you. Sorry about that.)

"I Got You Babe Didrikson"

Dan
Triple Stumper
    $1200 8
[Alex giggles while reading the clue.]
...
(Dan: Who is Galen?)
...
(Alex: He was a lot funnier than Galen.)

Hippocrates

DanMichael
    $1200 3
The Partridge Family

Michael
    $1200 11
the Clermont

Jerome
    $1200 28
Virginia Woolf

Dan
    $1200 18
(Michael: Who is Isaac Asimov?)

Nabokov

JeromeMichael
    $1200 23
Eric the Red and the Black

Dan
    $1600 14
hernia

Michael
    $1600 4
What's Happening!!

Jerome
    $1600 12
San Diego

Jerome
    $1600 29
James I

Dan
    $1600 19
Molière

Jerome
    $1600 24
(Michael: Who is...)

Marvin v. Marvin Gaye

Michael
Triple Stumper
    $2000 15
(Alex: And aren't you glad we are thanking Dr. Paré? If we still had those cures, oh my gosh!)

hemorrhage

Michael
    $2000 5
The Dick Van Dyke Show

Jerome
    $2,500 13
(Rutherford B.) Hayes

Jerome
    $2000 30
(Jerome: What is Furiosuh?)
(Alex: Ye--Say it again?)
(Jerome: What--what is [*], Orlando [*]?)

Furioso

Jerome
    $3,500 20
Saki

Jerome
    $2000 25
Winfield Scott McClellan

Triple Stumper

Scores at the end of the Double Jeopardy! Round:

Jerome Dan Michael
$26,200 $9,200 $9,200
(lock game)

[wagering suggestions for these scores]

Final Jeopardy! Round responses

BIBLICAL CITIES
[Michael's response was revealed first.]
(Alex: Now for those of you people who missed our other quarterfinal games last week, here are the other players who are coming back in the next four days to play in our semifinals.)
(Brad: Brad Rutter, Lancaster, Pennsylvania.)
(Pam: Pam Mueller, Chicago, Illinois.)
(Frank: Frank Spangenberg, Douglaston, New York.)
(John: John Cuthbertson, San Diego.)
(Chris: Chris Miller, Louisville, Kentucky.)
DanWhat is Philadelphia?
$9,200
MichaelWhat is Philadelphia?
$9,200
JeromeWhat is Philadelphia?
$6,000
Philadelphia

Final scores:

Jerome Dan Michael
$32,200 $18,400 $18,400
Winner: $32,200 + an advance to UToC Round 4 2nd place: $15,000 3rd place: $15,000

Game dynamics:

Coryat scores:

Jerome Dan Michael
$23,400 $9,200 $9,200
20 R
(including 3 DDs),
0 W
19 R,
2 W
16 R,
4 W

Combined Coryat: $41,800

[game clues] [game scores] [suggest correction]

Game tape date: 2005-04-13
The J! Archive is created by fans, for fans. Scraping, republication, monetization, and malicious use prohibited; this site may use cookies and collect identifying information. See terms. The Jeopardy! game show and all elements thereof, including but not limited to copyright and trademark thereto, are the property of Jeopardy Productions, Inc. and are protected under law. This website is not affiliated with, sponsored by, or operated by Jeopardy Productions, Inc. Join the discussion at JBoard.tv.